Les tactiques aux échecs - Statistiques

Statistiques générales
  • Ce quiz a été pris 62 fois
  • Le résultat moyen est 12 sur 35
Statistiques - réponses
Hint Réponse % Correct
Gain Fourchette
82%
Nulle Pat
76%
Coup spécial Roque
70%
Mat Mat en 1
68%
Mat Mat en 2
68%
Mat Mat en 3
68%
Mat Mat en 3 et plus
68%
Coup spécial En-passant
66%
Positionnel Clouage
62%
Mat Du couloir
52%
Gain Enfilade
46%
Coup spécial Promotion
44%
Mat Du berger
42%
Nulle Perpetuel
38%
Gain Découverte
30%
Mat Mat à t'étoufée
26%
Positionnel Sacrifice
26%
Mat De l'arabe
24%
Finale Pions passés
22%
Gain Rayon-X
22%
Finale Zugzwang / Coup contraint
22%
Mat Baiser de la mort
16%
Gain Pièce enfermée
16%
Coup spécial Sous-promotion
16%
Gain Déviation
14%
Gain Elimination du défenseur
12%
Gain Surcharge
12%
Positionnel Batterie
10%
Gain Fourchette royale
10%
Finale Opposition
10%
Gain Zwischenzug / Coup intermédiaire
8%
Gain Attraction
6%
Gain Moulinet
6%
Gain Desperado
4%
Gain Interception
4%
Aucun quiz correspondant
Distribution des résultats
% des personnes avec chaque résultat
Percentile par nombre de réponses
Votre historique - résultats
Vous n’avez pas pris ce quiz